000 00447nam a2200169Ia 4500
008 240729s9999 xx 000 0 und d
022 _a2045-9769
245 0 _aCell Regeneration
260 _aUnited Kingdom
260 _bSpringerOpen
650 _a Biology (General)
650 _a Medicine (General) | Science
650 _aMedicine
856 _uhttps://doaj.org/toc/593b7be902734873b414b9a18d6ac653
942 _2ddc
942 _cDOAJEJ
999 _c65986
_d65986
945 _a1
_bMadushi Gamage
_c1
_dMadushi Gamage